Dictionary of medical eponyms (Record no. 31269)

MARC details
000 -LEADER
fixed length control field 00682nam a2200193 a 4500
008 - FIXED-LENGTH DATA ELEMENTS--GENERAL INFORMATION
fixed length control field 110928s1987 ||||||||||||||||| || u
020 ## - INTERNATIONAL STANDARD BOOK NUMBER
International Standard Book Number 1850703337
050 ## - LIBRARY OF CONGRESS CALL NUMBER
Classification number R 121 Fir
100 ## - MAIN ENTRY--PERSONAL NAME
Personal name Whitworth, J. A
245 10 - TITLE STATEMENT
Title Dictionary of medical eponyms
260 ## - PUBLICATION, DISTRIBUTION, ETC.
Place of publication, distribution, etc. Park Ridge, N.J.:
Name of publisher, distributor, etc. The Parthenon Publishing Group
Date of publication, distribution, etc. 1987
300 ## - PHYSICAL DESCRIPTION
Extent vii, 591p.: ill.
350 ## -
-- 0.00
650 ## - SUBJECT ADDED ENTRY--TOPICAL TERM
Topical term or geographic name entry element EMPONYMS--DICTIONARIES
650 ## - SUBJECT ADDED ENTRY--TOPICAL TERM
Topical term or geographic name entry element MEDICINE
650 ## - SUBJECT ADDED ENTRY--TOPICAL TERM
Topical term or geographic name entry element MEDICINE--DICTIONARIES
700 ## - ADDED ENTRY--PERSONAL NAME
Personal name Firkin, Barry G
995 ## -
-- MICHAEL CHILUFYA SATA OPEN ACCESS
-- 0.00
-- 901384
-- CBU-SCHOOL OF MEDICINE LIBRARY (Ndola)
-- 1
-- 0.00
-- R 121 FIR
-- 1
-- REFERENCE
-- Oct 19, 2011
-- 901384
-- Reference Collection
999 ## -
-- 31269
-- 31269
Holdings
Withdrawn status Lost status Source of classification or shelving scheme Damaged status Not for loan Permanent Location Current Location Shelving location Date acquired Total Checkouts Full call number Barcode Date last seen Price effective from Koha item type
          CBU-SCHOOL OF MEDICINE LIBRARY, NDOLA. CBU-SCHOOL OF MEDICINE LIBRARY, NDOLA.   11/30/2022   R 121 Fir 901384 11/30/2022 11/30/2022 MONOGRAPH